Pays revendiqués par l'Allemagne Nazie - Statistiques

Statistiques générales
  • Ce quiz a été pris 31 fois
  • Le résultat moyen est 12 sur 17
Réponses sur la Carte
Les réponses sont colorées sur une échelle allant du rouge au vert en fonction du pourcentage des utilisateurs qui les ont devinées à leur premier essai. Vous pouvez retrouver ces pourcentages ci-dessous.
 
Statistiques - réponses
Réponse % Correct
Allemagne
80%
Pologne
80%
Belgique
76%
France
76%
Autriche
72%
Islande
72%
Italie
72%
Luxembourg
68%
Suisse
68%
Lituanie
64%
Norvège
64%
Pays-Bas
64%
République Tchèque
64%
Danemark
60%
Liechtenstein
60%
Suède
60%
Slovénie
52%
Aucun quiz correspondant
Distribution des résultats
% des personnes avec chaque résultat
Percentile par nombre de réponses
Votre historique - résultats
Vous n’avez pas pris ce quiz